[Event "Sitges Sunway op-A 11th"]
[Site "Sitges"]
[Date "2024.12.20"]
[Round "8"]
[White "Schulman, Julia"]
[Black "Rana, Oliver"]
[Result "1/2-1/2"]
[WhiteElo "1852"]
[BlackElo "1911"]
[PlyCount "57"]
[EventDate "2024.12.12"]
[EventType "swiss"]
[EventRounds "10"]
[EventCountry "ESP"]
[SourceTitle "CB52_2024"]
[SourceDate "2024.12.25"]
[SourceVersion "1"]
[SourceVersionDate "2024.12.25"]
[SourceQuality "1"]

1. e4 c6 2. d4 d5 3. e5 g6 4. Nf3 Bg7 5. Bd3 Nh6 6. c3 0-0 7. 0-0 f6 8. exf6 exf6 9. Re1 Re8 10. Rxe8+ Qxe8 11. h3 Bf5 12. Bxh6 Bxd3 13. Bxg7 Be2 14. Qe1 Kxg7 15. Nbd2 Nd7 16. a4 Bxf3 17. Nxf3 Qxe1+ 18. Rxe1 Kf7 19. Kf1 a5 20. b3 Ra6 21. Rb1 Rb6 22. Nd2 c5 23. dxc5 Nxc5 24. f3 Rc6 25. Rd1 Rb6 26. Rb1 Rc6 27. Rd1 Rb6 28. Rb1 Rc6 29. Rd1 1/2-1/2

[Event "Sitges Sunway op-A 11th"]
[Site "Sitges"]
[Date "2024.12.15"]
[Round "4"]
[White "Schulman, Julia"]
[Black "Delgado Montanes, Jose Antonio"]
[Result "1/2-1/2"]
[WhiteElo "1852"]
[BlackElo "1988"]
[PlyCount "74"]
[EventDate "2024.12.12"]
[EventType "swiss"]
[EventRounds "10"]
[EventCountry "ESP"]
[SourceTitle "CB52_2024"]
[SourceDate "2024.12.25"]
[SourceVersion "1"]
[SourceVersionDate "2024.12.25"]
[SourceQuality "1"]

1. e4 c5 2. Nf3 g6 3. c3 Bg7 4. d4 cxd4 5. cxd4 d5 6. e5 Nh6 7. Bd3 Nc6 8. h3 0-0 9. Nc3 f6 10. exf6 exf6 11. 0-0 Nf5 12. Bb1 Be6 13. Ne2 Qd7 14. Nf4 Bf7 15. a3 Rfe8 16. b4 a6 17. Bxf5 Qxf5 18. Nd3 g5 19. Be3 Re7 20. Rc1 Rae8 21. Nc5 Nd8 22. Rc3 h5 23. Nh2 Ne6 24. Nd3 Nf8 25. Nc5 Qg6 26. Qd2 Bh6 27. f4 g4 28. hxg4 hxg4 29. g3 f5 30. Re1 Bg7 31. Nd3 Qb6 32. Ne5 Be6 33. Rec1 Nh7 34. Ng6 Rf7 35. Ne5 Rfe7 36. Ng6 Rf7 37. Ne5 Rfe7 1/2-1/2

[Event "Malibu Botez Camp"]
[Site "Malibu"]
[Date "2024.07.31"]
[Round "7"]
[White "Schulman, Julia"]
[Black "Yu, Jennifer R"]
[Result "1/2-1/2"]
[WhiteElo "1818"]
[BlackElo "2274"]
[PlyCount "73"]
[EventDate "2024.07.24"]
[EventType "tourn"]
[EventRounds "7"]
[EventCountry "USA"]
[SourceTitle "EXT 2025"]
[Source "ChessBase"]
[SourceDate "2024.10.14"]
[SourceVersion "1"]
[SourceVersionDate "2024.10.14"]
[SourceQuality "1"]

1. e4 g6 2. d4 Bg7 3. Nc3 d6 4. Be3 a6 5. h4 h5 6. Nh3 b5 7. Ng5 Nh6 8. f3 e6 9. Qd2 Qe7 10. 0-0-0 Nd7 11. Rg1 Nb6 12. Bd3 b4 13. Ne2 c5 14. dxc5 dxc5 15. c3 bxc3 16. Nxc3 Bd7 17. g4 hxg4 18. fxg4 Na4 19. e5 Bxe5 20. Nge4 Nxc3 21. Nxc3 Ng8 22. h5 gxh5 23. gxh5 Nf6 24. h6 c4 25. Bc2 Rb8 26. Bd4 Qb4 27. Qe3 Qxb2+ 28. Kd2 Bxd4 29. Qxd4 Ke7 30. Rb1 Qa3 31. Rxb8 Rxb8 32. Rf1 Ng4 33. Qxg4 Qd6+ 34. Kc1 Qa3+ 35. Kd2 Qd6+ 36. Kc1 Qa3+ 37. Kd2 1/2-1/2

[Event "Malibu Botez Camp"]
[Site "Malibu"]
[Date "2024.07.24"]
[Round "1"]
[White "Schulman, Julia"]
[Black "Botez, Andrea"]
[Result "1-0"]
[WhiteElo "1818"]
[BlackElo "1871"]
[PlyCount "85"]
[EventDate "2024.07.24"]
[EventType "tourn"]
[EventRounds "7"]
[EventCountry "USA"]
[SourceTitle "EXT 2025"]
[Source "ChessBase"]
[SourceDate "2024.10.14"]
[SourceVersion "1"]
[SourceVersionDate "2024.10.14"]
[SourceQuality "1"]

1. e4 c5 2. Nf3 g6 3. c3 d5 4. e5 a6 5. d4 Nc6 6. Be2 Bg7 7. 0-0 f6 8. Bf4 fxe5 9. Nxe5 Nh6 10. Nxc6 bxc6 11. Be5 0-0 12. Bxg7 Kxg7 13. dxc5 e5 14. Nd2 Qe7 15. Nb3 a5 16. a4 Bd7 17. c4 d4 18. Qd2 Rfb8 19. Ra3 Rb4 20. Nc1 Bf5 21. Bd3 e4 22. Re1 Qxc5 23. Bxe4 Rxc4 24. Nd3 Qd6 25. Bxf5 Nxf5 26. Ne5 Rc5 27. Nd3 Rd5 28. Qf4 Qxf4 29. Nxf4 Rd7 30. Rd3 h5 31. h3 h4 32. Re6 Ne7 33. Re4 g5 34. Ne6+ Kf6 35. Nc5 Rd5 36. Rf3+ Nf5 37. Re6+ Kg7 38. Rxc6 Re8 39. Ne6+ Kg6 40. Nc7+ Rd6 41. Rxd6+ Nxd6 42. Nxe8 Nxe8 43. Rd3 1-0

[Event "San Vicente op 8th"]
[Site "San Vicente"]
[Date "2024.03.29"]
[Round "5"]
[White "Schulman, Julia"]
[Black "Tynyshtyk, Diana"]
[Result "0-1"]
[WhiteElo "1732"]
[BlackElo "1946"]
[PlyCount "46"]
[EventDate "2024.03.27"]
[EventType "swiss"]
[EventRounds "9"]
[EventCountry "ESP"]
[SourceTitle "CBM 219 Extra"]
[Source "ChessBase"]
[SourceDate "2024.05.31"]
[SourceVersion "1"]
[SourceVersionDate "2024.05.31"]
[SourceQuality "1"]

1. e4 c5 2. Nf3 d6 3. d4 cxd4 4. Nxd4 Nf6 5. Nc3 a6 6. Bd3 e6 7. Be3 Qc7 8. h3 Nbd7 9. 0-0 Be7 10. Qd2 0-0 11. Rac1 b6 12. Nde2 Bb7 13. Ng3 Rfd8 14. Qe2 Nc5 15. Rfe1 d5 16. exd5 Nxd5 17. Nce4 Nxd3 18. cxd3 Qd7 19. Red1 f5 20. Nc3 f4 21. Bxb6 Nxb6 22. Nge4 Rac8 23. Qh5 Nd5 0-1

[Event "Sitges Sunway op 10th"]
[Site "Sitges"]
[Date "2023.12.18"]
[Round "6"]
[White "Stadlinger, Lea"]
[Black "Schulman, Julia"]
[Result "1-0"]
[WhiteElo "1851"]
[BlackElo "1640"]
[PlyCount "65"]
[EventDate "2023.12.12"]
[EventType "swiss"]
[EventRounds "10"]
[EventCountry "ESP"]
[SourceTitle "CBM 217 Extra"]
[Source "ChessBase"]
[SourceDate "2024.01.31"]
[SourceVersion "1"]
[SourceVersionDate "2024.01.31"]
[SourceQuality "1"]

1. e4 c5 2. c3 d5 3. exd5 Qxd5 4. d4 Nc6 5. Nf3 Bg4 6. dxc5 Qxd1+ 7. Kxd1 e5 8. b4 e4 9. h3 Bh5 10. g4 exf3 11. gxh5 a6 12. Bf4 Nf6 13. Bc4 Be7 14. h6 g6 15. Nd2 0-0 16. Kc2 Nh5 17. Be3 Bf6 18. Rad1 Rfe8 19. Nxf3 Re7 20. Rd2 Rae8 21. Rhd1 Kf8 22. a4 Ne5 23. Nxe5 Bxe5 24. c6 Bf4 25. cxb7 Bxe3 26. b8Q Rxb8 27. Rd8+ Rxd8 28. Rxd8+ Re8 29. Rxe8+ Kxe8 30. fxe3 f5 31. Bxa6 Kd7 32. Bd3 Nf6 33. c4 1-0